| 000 | 00520nam a22001937a 4500 | ||
|---|---|---|---|
| 003 | KOHA_MİRAKIL | ||
| 005 | 20240930100958.0 | ||
| 008 | 240929b2020 tu ||||| |||| 00| 0 tur d | ||
| 020 | _a9786257245067 | ||
| 040 |
_aTR-AnABB _btur _cTR-AnABB |
||
| 041 | _atur | ||
| 082 |
_a813.42 _bVAN 2020 |
||
| 100 | _aVanlı, Büşra. | ||
| 245 | 0 |
_aHuzurun fırtınası / _cBüşra Vanlı. |
|
| 260 |
_aAnkara : _bHerdem Kitap, _c2020. |
||
| 300 |
_a361 sayfa ; _c21 cm. |
||
| 650 | _aTürk edebiyatı, roman | ||
| 942 |
_2ddc _cBK |
||
| 999 |
_c1309 _d1309 |
||